| 000 -LEADER |
| fixed length control field |
00454cam a22001337a 4500 |
| 008 - FIXED-LENGTH DATA ELEMENTS--GENERAL INFORMATION |
| fixed length control field |
180718b1986 xxu||||| |||| 00| 0 eng d |
| 082 ## - DEWEY DECIMAL CLASSIFICATION NUMBER |
| Classification number |
A99 R213 C719 |
| 100 ## - MAIN ENTRY--PERSONAL NAME |
| Personal name |
Colquhoun, Robert |
| 245 ## - TITLE STATEMENT |
| Title |
Raymond Aron |
| Statement of responsibility, etc. |
by Robert Colquhoun |
| 260 ## - PUBLICATION, DISTRIBUTION, ETC. |
| Place of publication, distribution, etc. |
London |
| Name of publisher, distributor, etc. |
Sage |
| Date of publication, distribution, etc. |
1986 |
| 300 ## - PHYSICAL DESCRIPTION |
| Extent |
2v. |
| 500 ## - GENERAL NOTE |
| General note |
Contents: v.1. The philosophy in history 1905-1955; 1986; 540p.v.2. The sociologist in society 1955-1983; 1986; 680p. |
| 650 ## - SUBJECT ADDED ENTRY--TOPICAL TERM |
| Topical term or geographic name entry element |
Aron, Raymond - 1905-1983 |